Media and Populism in Central Europe: Revisiting the Case of the Czech Republic
Analýza zameraná na vzťah populizmu a médií v prípade Českej republiky. Populizmus v online médiách. Populistická občianska žurnalistika.
Gespeichert in:
| 1. Verfasser: | |
|---|---|
| Weitere Verfasser: | |
| Format: | Buchkapitel |
| Sprache: | Englisch |
| Schlagworte: | |
| Tags: |
Keine Tags, Fügen Sie das erste Tag hinzu!
|
MARC
| LEADER | 00000naa a2200000 4500 | ||
|---|---|---|---|
| 001 | 0274000 | ||
| 005 | 20210526172044.3 | ||
| 041 | 0 | |a eng | |
| 044 | |a SK | ||
| 245 | 1 | 0 | |a Media and Populism in Central Europe: Revisiting the Case of the Czech Republic |c Josef Smolík, Vladimir Đorđević |
| 520 | |a Analýza zameraná na vzťah populizmu a médií v prípade Českej republiky. Populizmus v online médiách. Populistická občianska žurnalistika. | ||
| 610 | 2 | 0 | |a médiá |
| 610 | 2 | 0 | |a populizmus |
| 610 | 2 | 0 | |a demokracia |
| 610 | 2 | 0 | |a Európa |
| 610 | 2 | 0 | |a Česko |
| 100 | 1 | |a Smolík, Josef | |
| 700 | 1 | |a Đorđević, Vladimir | |